|
|
|
|
| LEADER |
02050nam a2200457 a 4500 |
| 001 |
EBC3420381 |
| 003 |
MiAaPQ |
| 005 |
20200520144314.0 |
| 006 |
m o d | |
| 007 |
cr cn||||||||| |
| 008 |
070105s2007 ctuab sb 001 0 eng |
| 010 |
|
|
|z 2007000430
|
| 015 |
|
|
|a GBA706230
|2 bnb
|
| 016 |
7 |
|
|z 013650353
|2 Uk
|
| 020 |
|
|
|z 9780300112016 (clothbound : alk. paper)
|
| 020 |
|
|
|z 0300112017 (clothbound : alk. paper)
|
| 035 |
|
|
|a (MiAaPQ)EBC3420381
|
| 035 |
|
|
|a (Au-PeEL)EBL3420381
|
| 035 |
|
|
|a (CaPaEBR)ebr10210264
|
| 035 |
|
|
|a (CaONFJC)MIL173489
|
| 035 |
|
|
|a (OCoLC)923592785
|
| 040 |
|
|
|a MiAaPQ
|c MiAaPQ
|d MiAaPQ
|
| 050 |
|
4 |
|a HM626
|b .C45 2007
|
| 082 |
0 |
4 |
|a 303.48/209
|2 22
|
| 100 |
1 |
|
|a Chanda, Nayan.
|
| 245 |
1 |
0 |
|a Bound together
|h [electronic resource] :
|b how traders, preachers, adventurers, and warriors shaped globalization /
|c Nayan Chanda.
|
| 246 |
3 |
0 |
|a How traders, preachers, adventurers, and warriors shaped globalization
|
| 246 |
3 |
0 |
|a Traders, preachers, adventurers, and warriors shaped globalization
|
| 260 |
|
|
|a New Haven :
|b Yale University Press,
|c c2007.
|
| 300 |
|
|
|a xvi, 391 p. :
|b ill., maps.
|
| 504 |
|
|
|a Includes bibliographical references (p. 335-372) and index.
|
| 505 |
0 |
|
|a The African beginning -- From camel commerce to e-commerce -- The world inside -- Preachers' world -- World in motion -- The imperial weave -- Slaves, germs, and Trojan horses -- Globalization: from buzzword to curse -- Who's afraid of globalization? -- The road ahead -- Chronology.
|
| 533 |
|
|
|a Electronic reproduction. Ann Arbor, MI : ProQuest, 2015. Available via World Wide Web. Access may be limited to ProQuest affiliated libraries.
|
| 650 |
|
0 |
|a Social evolution.
|
| 650 |
|
0 |
|a Commerce
|x History.
|
| 650 |
|
0 |
|a Intercultural communication
|x History.
|
| 650 |
|
0 |
|a Culture diffusion
|x History.
|
| 650 |
|
0 |
|a Globalization
|x History.
|
| 655 |
|
4 |
|a Electronic books.
|
| 710 |
2 |
|
|a ProQuest (Firm)
|
| 856 |
4 |
0 |
|u https://ebookcentral.proquest.com/lib/matrademy/detail.action?docID=3420381
|z Click to View
|